| 000 | 00763nam a2200229 u 4500 | ||
|---|---|---|---|
| 005 | 20220916063528.0 | ||
| 008 | 081125s2005 es r 000 0 spa d | ||
| 020 | _a8426134696 | ||
| 035 | _aUPN01000168197 | ||
| 049 | _aI | ||
| 050 | 4 |
_aPS3503 A9.23 _bM3.7 |
|
| 100 | 1 |
_aBaum, Lyman Frank, _d1856-1919 _937562 |
|
| 245 | 1 | 3 |
_aEl maravilloso mago de Oz / _cLyman Frank Baum ; il. originales de W.W. Denslow ; tr. Maribel Cruz. |
| 260 |
_aBarcelona, Esp. : _bJuventud, _c2005. |
||
| 300 |
_a229 p. : _bil. |
||
| 440 | 0 | _aJuventud | |
| 534 |
_pTitulo original: _tThe wonderful wizard of Oz |
||
| 650 | 4 |
_aOZ (LUGAR IMAGINARIO) - _vNOVELA _912233 |
|
| 650 | 4 |
_aMAGOS - _vNOVELA _95154 |
|
| 650 | 7 |
_aLiteratura infantil estadounidense _2 _99173 |
|
| 905 | _aInfantil | ||
| 999 |
_c140304 _d140304 |
||